000 00311nam a22001457a 4500
008 231124b ||||| |||| 00| 0 eng d
020 _a9780380974948
041 _aeng
080 _a573
082 _a573SIL
100 _a16
101 _aBIOLO
245 _aREMAKING EDEN
_cSILVER .M .L
942 _2udc
_cBK
999 _c60530
_d60530